| 000 | 00995nam a2200265 a 4500 | ||
|---|---|---|---|
| 008 | 120904s2010 us ||||f |||| 00| 0 eng d | ||
| 020 | _a9996058433 | ||
| 041 | _aeng | ||
| 092 |
_c616.9 _l51 _sMAN |
||
| 100 | 1 |
_aMandell, Gerald L. _9519 |
|
| 245 |
_aMandell, Douglas and Bennett“s. Principles and practice of infectious diseases. _bVol.1 / _cGerald L. Mandell |
||
| 250 | _a7th ed. | ||
| 260 |
_aPhiladelphia [Estados Unidos]: _bElsevier-Churchill Livingstone; _c2010. |
||
| 300 | _a1-1904 p. | ||
| 500 | _aMandell, G. L., Bennett, J. E. y Dolin, R. (2010). Principles and practice of infections diseases. T.1 (7th ed.). Philadelphia : Churchill Livingstone. | ||
| 590 | _aCompra PROMED 2012 | ||
| 653 | _aMicrobial pathogenesis | ||
| 653 | _aHost defense mechanisms | ||
| 653 | _aEpidemiology of infectious diseases | ||
| 653 | _aClinical microbiology | ||
| 653 | _aAnti-infective therapy | ||
| 700 | 1 |
_aBennett, John E. _9520 |
|
| 700 | 1 |
_aDolin, Raphael _9521 |
|
| 942 |
_2ddc _cBK |
||
| 999 |
_c1101 _d1101 |
||